Athletes with the biggest net worth - Statistics

General Stats
  • This quiz has been taken 33 times
  • The average score is 8 of 15
Answer Stats
Hint Answer % Correct
Soccer Lionel Messi
97%
Golf Tiger Woods
93%
Soccer Cristiano Ronaldo
90%
Basketball Lebron James
90%
Basketball Michael Jordan
87%
Tennis Roger Federer
57%
Formula 1 Michael Schumacher
47%
Soccer David Beckham
40%
Boxing Floyd Mayweather
40%
Basketball Shaquille O'Neal
40%
Golf Arnold Palmer
30%
Golf Phil Mickelson
30%
Golf Jack Nicklaus
23%
Golf Greg Norman
10%
Soccer Neymar Jr
10%
No matching quizzes found
Score Distribution
Percent of People with Each Score
Percentile by Number Answered
Your Score History
You have not taken this quiz